संरचनावाद उत्तर-संरचनावाद एवं प्राच्य काव्यशास्त्र / (Record no. 148480)

MARC details
000 -LEADER
fixed length control field 02172nam a22003377a 4500
005 - DATE AND TIME OF LATEST TRANSACTION
control field 20180118150750.0
010 ## - LCCN (DPL NO)
LC control number B-685435 B-664503
020 ## - INTERNATIONAL STANDARD BOOK NUMBER
Terms of availability 225.00
International Standard Book Number 8126007982
035 ## - SYSTEM CONTROL NUMBER
System control number B-685435
035 ## - SYSTEM CONTROL NUMBER
System control number B-664503
037 ## - SOURCE OF ACQUISITION
Source of stock number/acquisition नॉर्थ इंडिया पब्लिशर्स
037 ## - SOURCE OF ACQUISITION
Source of stock number/acquisition स्टार पब्लिकेशन
082 ## - DEWEY DECIMAL CLASSIFICATION NUMBER
Classification number 820.08
Item number नारंग
100 ## - MAIN ENTRY--PERSONAL NAME
Personal name नारंग, गोपीचन्द
245 ## - TITLE STATEMENT
Title संरचनावाद उत्तर-संरचनावाद एवं प्राच्य काव्यशास्त्र /
Statement of responsibility, etc गोपीचन्द नारंग ; अनुवादक देवेश
246 ## - VARYING FORM OF TITLE
Title proper/short title Sanrachnavad uttar-sanrachnavad ewam prachye kavyeshastr /
Remainder of title by Gopichand Narang ; anuvadak Devesh
260 ## - PUBLICATION, DISTRIBUTION, ETC. (IMPRINT)
Place of publication, distribution, etc नयी दिल्ली
Name of publisher, distributor, etc साहित्य अकादमी
Date of publication, distribution, etc 2014
270 ## - ADDRESS
Address रवीन्द्र भवन, 35, फिरोज़शाह मार्ग
City नयी दिल्ली
Postal code 110001
300 ## - PHYSICAL DESCRIPTION
Extent 456पृ.
Dimensions 20सेमी(सजिल्द)
500 ## - GENERAL NOTE
General note (साहित्य अकादेमी द्वारा पुरस्कृत समालोचना ग्रंथ)
505 ## - FORMATTED CONTENTS NOTE
Formatted contents note राष्ट्रपति भवन
520 ## - SUMMARY, ETC.
Summary, etc AW
650 ## - SUBJECT ADDED ENTRY--TOPICAL TERM
Topical term or geographic name as entry element काव्यशास्त्र
650 ## - SUBJECT ADDED ENTRY--TOPICAL TERM
Topical term or geographic name as entry element हिन्दी भाषा
650 ## - SUBJECT ADDED ENTRY--TOPICAL TERM
Topical term or geographic name as entry element Poetics
650 ## - SUBJECT ADDED ENTRY--TOPICAL TERM
Topical term or geographic name as entry element Hindi Language
700 ## - ADDED ENTRY--PERSONAL NAME
Personal name देवेश
9 (RLIN) 6954
942 ## - ADDED ENTRY ELEMENTS (KOHA)
Source of classification or shelving scheme Dewey Decimal Classification
Item type Hindi Books
Classification part 820.08
Call number suffix नारंग
Holdings
Withdrawn status Lost status Not for loan Collection code Home library Current library Date acquired Source of acquisition Cost, normal purchase price Full call number Barcode Copy number Cost, replacement price Koha item type
      Fiction Ashok Vihar Ashok Vihar 18/01/2018 स्टार पब्लिकेशन/2241/16.02.17/344/09.02.17/03.03.17 225.00 820.08 नारंग B-664503 1 225.00 Hindi Books
      Fiction Mobile Library Mobile Library 27/12/2017 नॉर्थ इंडिया पब्लिशर्स /315/7/22-12-17/765/16-12-17/27-12-17 225.00 820.08 नारंग B-685435 1 225.00 Hindi Books

© Delhi Public Library
Hit Counter
free hit counter